Metafísica y lenguaje
Gardado en:
| Autor Principal: | |
|---|---|
| Formato: | Libro |
| Idioma: | Lingua castelá |
| Publicado: |
Pamplona
Universidad de Navarra
1984
|
| Series: | Colección filosófica
|
| Subjects: | |
| Tags: |
Engadir etiqueta
Sen Etiquetas, Sexa o primeiro en etiquetar este rexistro!
|
MARC
| LEADER | 00000nam a2200000 a 4500 | ||
|---|---|---|---|
| 001 | UCZ2200 | ||
| 003 | CL-VaPUC | ||
| 008 | 950926e19840000SP |||||||||||||||||spa|d | ||
| 082 | 0 | 4 | |a 110 |b LLA |2 21 |
| 100 | |a Llano Cifuentes, Alejandro |e autor |9 393215 | ||
| 245 | 1 | 0 | |a Metafísica y lenguaje |
| 300 | |a 362 p | ||
| 942 | |c BK | ||
| 945 | |d 19950926 00:00:00 |a cmena | ||
| 260 | |a Pamplona |b Universidad de Navarra |c 1984 | ||
| 650 | 0 | |a Filosofía |9 223554 | |
| 650 | 7 | |a SER |2 CL-VaPUC |9 320176 | |
| 650 | 0 | |a Metafísica |9 265649 | |
| 650 | 7 | |a HOMBRE |2 CL-VaPUC |9 262149 | |
| 650 | 0 | |a Lingüística |9 265068 | |
| 650 | 0 | |a Ontología |9 256850 | |
| 583 | |a last modification |c 19950926 00:00:00 |k Rodrigo Vera | ||
| 490 | 0 | |a Colección filosófica | |
| 999 | |c 238843 |d 238841 | ||
| 952 | |0 0 |1 0 |4 0 |6 110_000000000000000_LLA_1984 |7 0 |8 A |9 249392 |a BIBEDU |b BIBEDU |d 2019-11-18 |i 1565621 |o 110 LLA 1984 |p 1565621 |r 2019-11-18 |w 2019-11-18 |y BK |k FIL | ||